Größte Orte in Mecklenburg-Vorpommern A-Z - Statistiken

Allgemein
  • Dieses Quiz wurde 53 mal gespielt
  • Das Durchschnittsergebnis liegt bei 11 aus 23
Antwortstatistiken
Landkreis Einwohnerzahl Antwort % Korrekt
G keine Hinweise, das wäre sonst zu einfach 59.691 Greifswald
100%
R kreisfrei 209.920 Rostock
93%
L keine Hinweise, das wäre sonst zu einfach 12.270 Ludwigslust
89%
N Mecklenburgische Seenplatte 63.989 Neubrandenburg
89%
S kreisfrei 98.596 Schwerin
89%
P keine Hinweise, das wäre sonst zu einfach 18.278 Parchim
87%
W Nordwestmecklenburg 43.878 Wismar
84%
A Vorpommern-Greifswald 12.312 Anklam
78%
B Vorpommern-Rügen 13.689 Bergen auf Rügen
73%
U Vorpommern-Greifswald 8.598 Ueckermünde
51%
H Ludwigslust-Parchim 12.399 Hagenow
47%
M Mecklenburgische Seenplatte 7.272 Malchin
47%
D Mecklenburgische Seenplatte 10.395 Demmin
44%
J Vorpommern-Greifswald 2.914 Jarmen
31%
K Rostock 8.037 Kühlungsborn
29%
F Mecklenburgische Seenplatte 6.478 Friedland
22%
T Vorpommern-Greifswald 9.307 Torgelow
22%
C Ludwigslust-Parchim 4.778 Crivitz
18%
E Vorpommern-Greifswald 4.748 Eggesin
16%
Z Ludwigslust-Parchim 5.484 Zarrentin am Schaalsee
11%
I Mecklenburgische Seenplatte 807 Ivenack
9%
O Ludwigslust-Parchim 809 Obere Warnow
0%
V Ludwigslust-Parchim 2.788 Vellahn
0%
Keine übereinstimmenden Quizze gefunden
Verteilung der Resultate
Anzahl Personen mit jedem Resultat
Perzentil nach korrekt beantworteten Fragen
Ihre Resultats-Entwicklung
Sie haben dieses Quiz noch nicht gespielt